| 000 | 00877nam a22002297a 4500 | ||
|---|---|---|---|
| 999 |
_c6814 _d6814 |
||
| 003 | AR-CdUCM | ||
| 008 | 190319b ||||| |||| 00| 0 spa d | ||
| 040 |
_aMUNICIPALIDAD PROVINCIAL DEL CUSCO _cBIBLIOTECA MUNICIPAL DEL CUSCO |
||
| 041 | _heng | ||
| 082 |
_a508 / _bV45 |
||
| 100 |
_aVening Meinesz, F. A. _919199 |
||
| 245 | _aLa corteza y el manto terrestres / | ||
| 260 |
_aMadrid : _bAlhambra, _c1970. |
||
| 300 |
_a158 páginas ; _c20 cm. _bIlustraciones, |
||
| 440 |
_aExedra - Ciencia técnica ingeniería _n61 _919200 |
||
| 500 | _aTitulo original: The earth´s crust and mantle | ||
| 505 | _aConstitución de la tierra, isostasia, equilibrio, comportamiento térmico -- Deformaciones y fenómenos corticales -- Corrientes de convección en el manto ... | ||
| 650 |
_aGeofísica _919201 |
||
| 700 |
_aAlmela, Antonio _919202 |
||
| 942 |
_2ddc _cLIBROS |
||
| 945 | _aacv | ||